000
00380nam a22001697a 4500
003
MPLRDC
005
20220104125516.0
008
210129b ||||| |||| 00| 0 eng d
082
_a
857.9 MXK-2*
100
_a
马行空著
245
_a
市井英雄
_c
250
_a
初版
260
_a
_b
武林出版社
_c
1981
300
_b
平
650
_a
942
_c
BK
_o
857.9 MXK-2*
999
_c
27920
_d
27910